ბათუმის შოთა რუსთაველის სახელმწიფო უნივერსიტეტის ბიბლიოთეკა

Translatorische Methodik. 5 : (ბიბ.ჩანაწერი № 55665)

000 -LEADER
fixed length control field 00852nam a2200265Ia 4500
001 - CONTROL NUMBER
control field 22760
003 - CONTROL NUMBER IDENTIFIER
control field GE_BSU
005 - DATE AND TIME OF LATEST TRANSACTION
control field 20220527125131.0
008 - FIXED-LENGTH DATA ELEMENTS--GENERAL INFORMATION
fixed length control field 181216s2012||||gw |||||||||||||| ||gem||
020 ## - INTERNATIONAL STANDARD BOOK NUMBER
International Standard Book Number 9783708908397
040 ## - CATALOGING SOURCE
Transcribing agency GE_BSU
041 ## - LANGUAGE CODE
Language code of text/sound track or separate title gem
080 ## - UNIVERSAL DECIMAL CLASSIFICATION NUMBER
Universal Decimal Classification number 811.112.1 K-13
100 ## - MAIN ENTRY--PERSONAL NAME
Personal name Kadric, Mira
9 (RLIN) 13858
245 ## - TITLE STATEMENT
Title Translatorische Methodik. 5 :
Remainder of title Uberarbeitete Auflage /
Statement of responsibility, etc. Mira Kadric, Klaus Kaindl, Michèle Cooke.
264 ## - PRODUCTION, PUBLICATION, DISTRIBUTION, MANUFACTURE, AND COPYRIGHT NOTICE
Place of production, publication, distribution, manufacture Wien :
Name of producer, publisher, distributor, manufacturer Facultas Verlags,
Date of production, publication, distribution, manufacture, or copyright notice 2012.
300 ## - PHYSICAL DESCRIPTION
Extent 175 p.:
Other physical details 24 cm.
653 ## - INDEX TERM--UNCONTROLLED
keyword Translatorische Methodik
653 ## - INDEX TERM--UNCONTROLLED
keyword Uberarbeitete Auflage
653 ## - INDEX TERM--UNCONTROLLED
keyword методика перевода
653 ## - INDEX TERM--UNCONTROLLED
keyword თარგმნის მეთოდიკა
700 ## - ADDED ENTRY--PERSONAL NAME
Personal name Kaindl, Klaus
Relator term ავტორი
9 (RLIN) 13859
700 ## - ADDED ENTRY--PERSONAL NAME
Personal name Cooke, Michèle
Relator term ავტორი
9 (RLIN) 13860
942 ## - ADDED ENTRY ELEMENTS (KOHA)
Koha item type წიგნი
Source of classification or shelving scheme
ეგზემპლარები
Withdrawn status Lost status Source of classification or shelving scheme Damaged status Not for loan Permanent Location Current Location Shelving location Date acquired Cost, normal purchase price Full call number Barcode Date last seen Copy number Price effective from Koha item type Public note
          ბათუმის შოთა რუსთაველის სახელმწიფო უნივერსიტეტის მთავარი ბიბლიოთეკა ბათუმის შოთა რუსთაველის სახელმწიფო უნივერსიტეტის მთავარი ბიბლიოთეკა წიგნსაცავი 2018-12-17 55.00 811.112.1 K-13 58264 2018-12-17 58264 2018-12-17 წიგნი 55 ლ.